000 01400nam a22002897a 4500
001 4546
003 FISKH
005 20251008110534.0
008 240913b cb ||||| |||| 00| 0 eng d
040 _aFISKH
_bkhmer
_cFISKH
_dFISKH
050 _aPZ7
082 _a570
100 _aReaksmey, Am
_eauthor
245 _aទៅរកត្រី /
_cអាំ រស្មី
250 _aបោះពុម្ពលើកទី១ ខែមិថុនា ឆ្នាំ២០០៨
260 _aភ្នំពេញ :
_bកិច្ចសហប្រតិបត្តិការអភិវឌ្ឍន៍ប៊ែលហ្ស៊ិក :
_c២០០៨ .
300 _a8 pages :
_bcolor illustrations ;
_c25 cm .
505 _aD
520 _aThe family went fishing together, but the son brought the ball and it fell in the water. What happend next?
520 _aក្រុម​គ្រួសារ​បាន​ទៅ​ស្ទូច​ត្រី​ជាមួយ​គ្នា ប៉ុន្តែ​កូនប្រុស​បាន​យក​បាល់​មក​ធ្លាក់​ក្នុង​ទឹក ។ តើមានអ្វីកើតឡើងបន្ទាប់?
521 8 _a160
_bLexile estimate
521 8 _aD
_bRaz-Plus
650 _aត្រី
650 _vFish
942 _2ddc
_cBK
_n0
999 _c4546
_d4546